000 00345nam a22001337a 4500
020 _a9788183601887
082 _a631.3068
_bSHA/FA
100 _aSharma D.N.
_975
245 _aFarm Power and Machinery Management (Principles and Practices) Volume - 1
250 _a1
260 _aNew Delhi
_bJain Brothers
_c2013
300 _a334
942 _cBBS
999 _c14701
_d14701